Rozsnyó könyve : történelmi és irodalmi szemelvények /
Uložené v:
| Ďalší autori: | |
|---|---|
| Médium: | Kniha |
| Jazyk: | Hungarian |
| Vydané: |
Rimaszombat : Rozsnyó,
Gemer-malohontský muzeálny spolok ;
2003.
|
| Vydanie: | [1. kiad.] |
| Edícia: | Gömör-Kishonti Téka
7 |
| Témy: | |
| ISBN: |
8096905457 (brož.) |
| Fyzický popis: |
262 s. ; 21 cm. |
| Tagy: |
Pridať tag
Žiadne tagy, Buďte prvý kto otaguje tento záznam!
|
Titul je dostupný aj v ... 

MARC
| LEADER | 00000nam a2200000 a 4500 | ||
|---|---|---|---|
| 001 | 000000996 | ||
| 005 | 20260219140313.0 | ||
| 008 | 040330s2003 xo e 000 0 huno | ||
| FMT | |||
| 020 | |a 8096905457 (brož.) | ||
| 040 | |a SVKKK |b slo |c SVKKK |e AACR2 | ||
| 041 | 0 | |a hun | |
| 044 | |a xo |c SK | ||
| 072 | 7 | |a 94(437) |x Dejiny Česka a Slovenska |2 konspekt | |
| 080 | |a 94(437.677) |2 1997 | ||
| 080 | |a 908(437.677) |2 1997 | ||
| 080 | |a (082) |2 1997 | ||
| 245 | 0 | 0 | |a Rozsnyó könyve : |b történelmi és irodalmi szemelvények / |c szerkesztette: Tököly Gábor. |
| 250 | |a [1. kiad.] | ||
| 260 | |a Rimaszombat : |b Gemer-malohontský muzeálny spolok ; |a Rozsnyó, |c 2003. | ||
| 300 | |a 262 s. ; |c 21 cm. | ||
| 440 | 0 | |a Gömör-Kishonti Téka |v 7 | |
| 500 | |a Tiráž aj slov. | ||
| 651 | 7 | |a Rožňava (Slovensko) |x dejiny |2 SVKKKPH | |
| 655 | 7 | |a zborníky |2 SVKKKPH | |
| 700 | 1 | |a Tököly, Gábor |4 com | |
| 919 | |a 80-969054-5-7 | ||
| 998 | |a BK | ||
| OWN | |||
| Z30 | 1 | |l SCK01 |l SCK01 |m BOOK |1 SCKHL |2 PK23 |b Študovňa historických fondov a regionálnej lit.(Pri Mikl.väzn.1) |3 III.196506 |6 960457 |q 20040330 |5 2720020782 |8 20040330 |f 12 |s Príručka / Študovňa |g 000001094 |h SCKHL |z 250.00 |t 00000000 |u 0000 |w 000000996 |x 000010 | |
| a02 | 0 | |a 8096905457 (brož.) | |
| 090 | |g SCKHL |k Študovňa historických fondov a regionálnej lit.(Pri Mikl.väzn.1) |a III.196506 |j 960457 |i 2720020782 |s Príručka / Študovňa | ||